Vymedzenie pojmov pracovný kapitál a potreba pracovného kapitálu

Vymedzenie pojmu pracovný kapitál. Pracovný kapitál predstavuje vo svojej podstate prebytok trvalých zdrojov nad stálym použitím kapitálu. Vypočítanie finančného pracovného kapitálu. Vymedzenie pojmu potreba pracovného kapitálu. Finančná potreba pracovného kapitálu. Zloženie finančnej potreby pracov...

Ausführliche Beschreibung

Gespeichert in:
Bibliographische Detailangaben
1. Verfasser: Zajko, Otokar
Format: Buchkapitel
Sprache:Slowakisch
Schlagworte:
Tags: Tag hinzufügen
Keine Tags, Fügen Sie das erste Tag hinzu!

MARC

LEADER 00000naa a2200000 4500
001 r042071
005 20231002073559.1
041 0 |a slo 
044 |a SK 
245 1 0 |a Vymedzenie pojmov pracovný kapitál a potreba pracovného kapitálu  |c Otokar Zajko 
520 |a Vymedzenie pojmu pracovný kapitál. Pracovný kapitál predstavuje vo svojej podstate prebytok trvalých zdrojov nad stálym použitím kapitálu. Vypočítanie finančného pracovného kapitálu. Vymedzenie pojmu potreba pracovného kapitálu. Finančná potreba pracovného kapitálu. Zloženie finančnej potreby pracovného kapitálu. 
610 2 0 |a kapitál finančný 
610 2 0 |a podnik 
610 2 0 |a hospodárenie finančné 
610 2 0 |a kapitál 
610 2 0 |a kapitál vlastný 
610 2 0 |a aktíva 
610 2 0 |a súvaha 
610 2 0 |a zdroje finančné vlastné 
610 2 0 |a pasíva 
100 1 |a Zajko, Otokar